000 00893nam a22002415i 4500
001 177532
003 ES-MaACL
005 20230906220346.0
008 110331s1983 sp ao |||| | spa d
020 _a84-500-8887-3
080 _a27-784(460.27 Alcalá de Henares)
100 1 _aMarchamalo Sánchez, Antonio.
_976407
245 1 3 _aEl Cristo de los Doctrinos de Alcalá de Henares
_b: historia de una cofradía del siglo XVII /
_cAntonio Marchamalo Sánchez.
260 _aAlcalá de Henares :
_bComisaría de Cultura del Ayuntamiento de Alcalá de Henares,
_cimp. 1983.
300 _a160 p. :
_bil. bl. y n. ;
_c22 cm.
490 1 _aAlcalá Ensayo ;
_v4
500 _aÍndices.
504 _aBibliografía: p. 141-146.
650 4 _aCofradías-
_zAlcalá de Henares.
_9145927
830 0 _aAlcalá Ensayo ;
_v4
_9185763
852 _aES-MaACL
_jE-14743
999 _c177532
_d177532